| 000 | 00578cam a2200217 i 4500 | ||
|---|---|---|---|
| 001 | 1776394 | ||
| 003 | OSt | ||
| 005 | 20160314104128.0 | ||
| 008 | 770707s1978 nyu 001 0 eng | ||
| 010 | _a 77023839 | ||
| 020 | _a0471030368 | ||
| 040 | _aSEKU | ||
| 050 | 0 | 0 |
_aQA 276.6 _b.W54 1977 |
| 100 | 1 | _aWilliams, Bill, | |
| 245 | 1 | 2 |
_aA sampler on sampling / _cBill Williams. |
| 260 |
_aNew York : _bWiley, _cc1978. |
||
| 300 | _a 254 p. : | ||
| 490 | 0 | _aWiley series in probability and mathematical statistics | |
| 650 | 0 | _aSampling (Statistics) | |
| 942 |
_2lcc _cGEN |
||
| 999 |
_c12077 _d12077 |
||